[Event "Stay Safe Play From Home 365"]
[Site "Emanuel Lasker Arena"]
[Date "2020.08.07"]
[Round "7"]
[White "Lazieri3"]
[Black "Tran Minh Thang"]
[Result "1-0"]
[WhiteElo "2043"]
[BlackElo "2475"]
[PlyCount "81"]
[EventDate "2020.08.07"]
[EventType "swiss (blitz)"]

1. e4 {[%emt 0:00:01]} c5 {[%emt 0:00:01]} 2. Nc3 {[%emt 0:00:00]} e6 {[%emt 0:00:00]} 3. d3 {[%emt 0:00:00]} a6 {[%emt 0:00:00]} 4. Nf3 {[%emt 0:00:00]} b5 {[%emt 0:00:00]} 5. Bg5 {[%emt 0:00:00]} Bb7 {[%emt 0:00:00]} 6. Bxd8 {[%emt 0:00:01]} Kxd8 {[%emt 0:00:00]} 7. a3 {[%emt 0:00:02]} Nc6 {[%emt 0:00:00]} 8. g3 {[%emt 0:00:00]} Nf6 {[%emt 0:00:01]} 9. Bg2 {[%emt 0:00:00]} d6 {[%emt 0:00:00]} 10. O-O {[%emt 0:00:01]} Be7 {[%emt 0:00:00]} 11. h3 {[%emt 0:00:00]} Kc7 {[%emt 0:00:01]} 12. Re1 {[%emt 0:00:01]} Rad8 {[%emt 0:00:01]} 13. e5 {[%emt 0:00:00]} dxe5 {[%emt 0:00:00]} 14. Nxe5 {[%emt 0:00:01]} Nd4 {[%emt 0:00:03]} 15. Nxf7 {[%emt 0:00:02]} Nd5 {[%emt 0:00:04]} 16. Nxd8 {[%emt 0:00:01]} Rxd8 {[%emt 0:00:01]} 17. Nxd5+ {[%emt 0:00:01]} Bxd5 {[%emt 0:00:01]} 18. Bxd5 {[%emt 0:00:01]} Rxd5 {[%emt 0:00:00]} 19. c3 {[%emt 0:00:01]} Nc6 {[%emt 0:00:03]} 20. Rxe6 {[%emt 0:00:01]} Bf6 {[%emt 0:00:00]} 21. Rxf6 {[%emt 0:00:01]} gxf6 {[%emt 0:00:01]} 22. Qf3 {[%emt 0:00:00]} Rd6 {[%emt 0:00:00]} 23. Re1 {[%emt 0:00:02]} Kb6 {[%emt 0:00:01]} 24. Re8 {[%emt 0:00:02]} Ne5 {[%emt 0:00:00]} 25. Rxe5 {[%emt 0:00:02]} fxe5 {[%emt 0:00:01]} 26. Qe4 {[%emt 0:00:00]} Re6 {[%emt 0:00:01]} 27. Qxh7 {[%emt 0:00:01]} Rd6 {[%emt 0:00:01]} 28. Qe4 {[%emt 0:00:01]} a5 {[%emt 0:00:01]} 29. h4 {[%emt 0:00:01]} b4 {[%emt 0:00:02]} 30. h5 {[%emt 0:00:01]} Kb5 {[%emt 0:00:02]} 31. axb4 {[%emt 0:00:01]} cxb4 {[%emt 0:00:02]} 32. cxb4 {[%emt 0:00:00]} axb4 {[%emt 0:00:02]} 33. Qxe5+ {[%emt 0:00:01]} Kc6 {[%emt 0:00:01]} 34. Qxd6+ {[%emt 0:00:01]} Kxd6 {[%emt 0:00:00]} 35. h6 {[%emt 0:00:00]} Kd5 {[%emt 0:00:00]} 36. h7 {[%emt 0:00:00]} Kd4 {[%emt 0:00:00]} 37. h8=Q+ {[%emt 0:00:00]} Kxd3 {[%emt 0:00:00]} 38. Qb8 {[%emt 0:00:04]} b3 {[%emt 0:00:01]} 39. Qxb3+ {[%emt 0:00:01]} Kd2 {[%emt 0:00:00]} 40. Qe6 {[%emt 0:00:01]} Kd3 {[%emt 0:00:02]} 41. b4 {[%emt 0:00:01] Tran Minh Thang resigns Tran Minh Thang resigns Tran Minh Thang resigns Tran Minh Thang resigns Tran Minh Thang resigns (Lag: Av=0.87s, max=1.5s) (Lag: Av=0.87s, max=1.5s) (Lag: Av=0.87s, max=1.5s) (Lag: Av=0.87s, max=1.5s) (Lag: Av=0.87s, max=1.5s)} 1-0

[Event "Stay Safe Play From Home 365"]
[Site "Emanuel Lasker Arena"]
[Date "2020.08.07"]
[Round "7"]
[White "Sfantul321"]
[Black "TheCHESSHOUSE"]
[Result "0-1"]
[WhiteElo "1960"]
[BlackElo "2041"]
[Annotator "NA"]
[PlyCount "108"]
[EventDate "2020.08.07"]
[EventType "swiss (blitz)"]

1. c4 {[%emt 0:00:01]} Nf6 {[%emt 0:00:01]} 2. Nc3 {[%emt 0:00:00]} e5 {[%emt 0:00:01]} 3. g3 {[%emt 0:00:00]} d6 {[%emt 0:00:01]} 4. Bg2 {[%emt 0:00:00]} Nc6 {[%emt 0:00:00]} 5. e3 {[%emt 0:00:00]} Bd7 {[%emt 0:00:01]} 6. Nge2 {[%emt 0:00:00]} Be7 {[%emt 0:00:01]} 7. O-O {[%emt 0:00:00]} O-O {[%emt 0:00:00]} 8. h3 {[%emt 0:00:00]} a6 {[%emt 0:00:01]} 9. Kh2 {[%emt 0:00:01]} Qc8 {[%emt 0:00:00]} 10. d3 {[%emt 0:00:01]} Bd8 {[%emt 0:00:01]} 11. Nd5 {[%emt 0:00:01]} Nxd5 {[%emt 0:00:01]} 12. cxd5 {[%emt 0:00:01]} Ne7 {[%emt 0:00:00]} 13. e4 {[%emt 0:00:00]} f5 {[%emt 0:00:01]} 14. f4 {[%emt 0:00:01]} fxe4 {[%emt 0:00:01]} 15. dxe4 {[%emt 0:00:01]} exf4 {[%emt 0:00:00]} 16. Nxf4 {[%emt 0:00:01]} Ng6 {[%emt 0:00:01]} 17. Nxg6 {[%emt 0:00:01]} hxg6 {[%emt 0:00:00]} 18. Be3 {[%emt 0:00:03]} Bf6 {[%emt 0:00:01]} 19. Qc2 {[%emt 0:00:02]} c6 {[%emt 0:00:01]} 20. e5 {[%emt 0:00:01]} dxe5 {[%emt 0:00:01]} 21. dxc6 {[%emt 0:00:02]} Bxc6 {[%emt 0:00:00]} 22. Bxc6 {[%emt 0:00:03]} Qxc6 {[%emt 0:00:00]} 23. Qxg6 {[%emt 0:00:02]} Rac8 {[%emt 0:00:02]} 24. Rac1 {[%emt 0:00:02]} Qd6 {[%emt 0:00:16]} 25. Rfd1 {[%emt 0:00:02]} Qb4 {[%emt 0:00:03]} 26. b3 {[%emt 0:00:03]} Qa3 {[%emt 0:00:03]} 27. Rxc8 {[%emt 0:00:04]} Rxc8 {[%emt 0:00:00]} 28. Rf1 {[%emt 0:00:01]} Qxa2+ {[%emt 0:00:01]} 29. Kh1 {[%emt 0:00:01]} Rf8 {[%emt 0:00:05]} 30. Bc5 {[%emt 0:00:02]} Rf7 {[%emt 0:00:02]} 31. b4 {[%emt 0:00:01]} Qc4 {[%emt 0:00:01]} 32. Kg1 {[%emt 0:00:01]} e4 {[%emt 0:00:02]} 33. Re1 {[%emt 0:00:03]} e3 {[%emt 0:00:05]} 34. Bxe3 {[%emt 0:00:02]} Bd4 {[%emt 0:00:01]} 35. Qe4 {[%emt 0:00:04]} Bxe3+ {[%emt 0:00:01]} 36. Qxe3 {[%emt 0:00:00]} Qxb4 {[%emt 0:00:01]} 37. Qe8+ {[%emt 0:00:01]} Rf8 {[%emt 0:00:00]} 38. Qe6+ {[%emt 0:00:01]} Kh7 {[%emt 0:00:00]} 39. Qe4+ {[%emt 0:00:01]} Qxe4 {[%emt 0:00:01]} 40. Rxe4 {[%emt 0:00:00]} b5 {[%emt 0:00:00]} 41. Re6 {[%emt 0:00:01]} Rf6 {[%emt 0:00:00]} 42. Re5 {[%emt 0:00:01]} b4 {[%emt 0:00:01]} 43. Ra5 {[%emt 0:00:01]} Rb6 {[%emt 0:00:00]} 44. Ra2 {[%emt 0:00:01]} b3 {[%emt 0:00:00]} 45. Rb2 {[%emt 0:00:00]} a5 {[%emt 0:00:00]} 46. g4 {[%emt 0:00:01]} a4 {[%emt 0:00:00]} 47. g5 {[%emt 0:00:00]} a3 {[%emt 0:00:00]} 48. g6+ {[%emt 0:00:00]} Kxg6 {[%emt 0:00:01]} 49. Rf2 {[%emt 0:00:00]} Kh7 {[%emt 0:00:00]} 50. Rg2 {[%emt 0:00:00]} b2 {[%emt 0:00:00]} 51. Rg4 {[%emt 0:00:01]} b1=Q+ {[%emt 0:00:00]} 52. Kg2 {[%emt 0:00:00]} Rb3 {[%emt 0:00:00]} 53. Kf2 {[%emt 0:00:01]} Qa2+ {[%emt 0:00:00]} 54. Ke1 {[%emt 0:00:02]} Rb1# {[%emt 0:00:00] (Lag: Av=0.78s, max=1.5s) (Lag: Av=0.78s, max=1.5s) (Lag: Av=0.78s, max=1.5s) (Lag: Av=0.78s, max=1.5s) (Lag: Av=0.78s, max=1.5s)} 0-1

[Event "Stay Safe Play From Home 365"]
[Site "Emanuel Lasker Arena"]
[Date "2020.08.07"]
[Round "7"]
[White "Batabat1955"]
[Black "SoulofWolf"]
[Result "1-0"]
[WhiteElo "1956"]
[BlackElo "2152"]
[Annotator "NA"]
[PlyCount "67"]
[EventDate "2020.08.07"]
[EventType "swiss (blitz)"]

1. d3 {[%emt 0:00:03]} d5 {[%emt 0:00:00]} 2. e4 {[%emt 0:00:00]} e6 {[%emt 0:00:01]} 3. c3 {[%emt 0:00:01]} c5 {[%emt 0:00:00]} 4. f4 {[%emt 0:00:01]} Nc6 {[%emt 0:00:01]} 5. e5 {[%emt 0:00:01]} f6 {[%emt 0:00:01]} 6. Nf3 {[%emt 0:00:00]} fxe5 {[%emt 0:00:01]} 7. fxe5 {[%emt 0:00:00]} Qc7 {[%emt 0:00:00]} 8. d4 {[%emt 0:00:01]} Nge7 {[%emt 0:00:00]} 9. Bg5 {[%emt 0:00:01]} h6 {[%emt 0:00:01]} 10. Bh4 {[%emt 0:00:01]} g5 {[%emt 0:00:01]} 11. Bg3 {[%emt 0:00:01]} Ng6 {[%emt 0:00:00]} 12. Bd3 {[%emt 0:00:02]} Nf4 {[%emt 0:00:02]} 13. Bxf4 {[%emt 0:00:01]} gxf4 {[%emt 0:00:00]} 14. Nh4 {[%emt 0:00:01]} Bd7 {[%emt 0:00:02]} 15. Qh5+ {[%emt 0:00:01]} Kd8 {[%emt 0:00:01]} 16. Ng6 {[%emt 0:00:02]} Rg8 {[%emt 0:00:01]} 17. Nxf4 {[%emt 0:00:01]} cxd4 {[%emt 0:00:03]} 18. cxd4 {[%emt 0:00:01]} Nxd4 {[%emt 0:00:01]} 19. Nc3 {[%emt 0:00:02]} a6 {[%emt 0:00:04]} 20. O-O {[%emt 0:00:04]} Qxe5 {[%emt 0:00:01]} 21. Qxe5 {[%emt 0:00:02]} Bg7 {[%emt 0:00:01]} 22. Qd6 {[%emt 0:00:01]} Bf8 {[%emt 0:00:01]} 23. Qb6+ {[%emt 0:00:02]} Ke8 {[%emt 0:00:03]} 24. Qxd4 {[%emt 0:00:00]} Bg7 {[%emt 0:00:01]} 25. Qb6 {[%emt 0:00:01]} Rc8 {[%emt 0:00:03]} 26. Nxe6 {[%emt 0:00:02]} Rc6 {[%emt 0:00:01]} 27. Nxg7+ {[%emt 0:00:01]} Rxg7 {[%emt 0:00:02]} 28. Qd4 {[%emt 0:00:02]} Rcg6 {[%emt 0:00:01]} 29. g3 {[%emt 0:00:01]} Rg4 {[%emt 0:00:01]} 30. Rae1+ {[%emt 0:00:00]} Kd8 {[%emt 0:00:01]} 31. Qb6+ {[%emt 0:00:01]} Kc8 {[%emt 0:00:00]} 32. Nxd5 {[%emt 0:00:01]} Bc6 {[%emt 0:00:02]} 33. Rf8+ {[%emt 0:00:06]} Kd7 {[%emt 0:00:01]} 34. Qd8# {[%emt 0:00:03] (Lag: Av=0.38s, max=0.8s) (Lag: Av=0.38s, max=0.8s) (Lag: Av=0.38s, max=0.8s) (Lag: Av=0.38s, max=0.8s) (Lag: Av=0.38s, max=0.8s)} 1-0

[Event "Stay Safe Play From Home 365"]
[Site "Emanuel Lasker Arena"]
[Date "2020.08.07"]
[Round "7"]
[White "Buzaglo"]
[Black "Hickey"]
[Result "0-1"]
[WhiteElo "1847"]
[BlackElo "2111"]
[Annotator "NA"]
[PlyCount "44"]
[EventDate "2020.08.07"]
[EventType "swiss (blitz)"]

1. d4 {[%emt 0:00:01]} Nf6 {[%emt 0:00:02]} 2. Nf3 {[%emt 0:00:00]} e6 {[%emt 0:00:00]} 3. g3 {[%emt 0:00:00]} b5 {[%emt 0:00:02]} 4. Bg2 {[%emt 0:00:00]} Bb7 {[%emt 0:00:00]} 5. O-O {[%emt 0:00:00]} a6 {[%emt 0:00:00]} 6. Nbd2 {[%emt 0:00:00]} Be7 {[%emt 0:00:00]} 7. c4 {[%emt 0:00:00]} O-O {[%emt 0:00:00]} 8. c5 {[%emt 0:00:00]} d6 {[%emt 0:00:01]} 9. Re1 {[%emt 0:00:00]} dxc5 {[%emt 0:00:01]} 10. dxc5 {[%emt 0:00:00]} Bxc5 {[%emt 0:00:00]} 11. e4 {[%emt 0:00:00]} Bb6 {[%emt 0:00:01]} 12. e5 {[%emt 0:00:01]} Ng4 {[%emt 0:00:00]} 13. Rf1 {[%emt 0:00:02]} Nd7 {[%emt 0:00:03]} 14. h3 {[%emt 0:00:01]} Ngxe5 {[%emt 0:00:01]} 15. Nxe5 {[%emt 0:00:01]} Bxg2 {[%emt 0:00:00]} 16. Nxd7 {[%emt 0:00:02]} Bxf1 {[%emt 0:00:01]} 17. Nxf8 {[%emt 0:00:01]} Bd3 {[%emt 0:00:02]} 18. Nxe6 {[%emt 0:00:04]} fxe6 {[%emt 0:00:01]} 19. Nf3 {[%emt 0:00:02]} Be4 {[%emt 0:00:03]} 20. Qxd8+ {[%emt 0:00:03]} Rxd8 {[%emt 0:00:00]} 21. Ne5 {[%emt 0:00:00]} Rd1+ {[%emt 0:00:03]} 22. Kh2 {[%emt 0:00:01]} Rh1# {[%emt 0:00:00] (Lag: Av=0.67s, max=0.9s) (Lag: Av=0.67s, max=0.9s) (Lag: Av=0.67s, max=0.9s) (Lag: Av=0.67s, max=0.9s) (Lag: Av=0.67s, max=0.9s)} 0-1

[Event "Stay Safe Play From Home 365"]
[Site "Emanuel Lasker Arena"]
[Date "2020.08.07"]
[Round "7"]
[White "Trotsky"]
[Black "Oznog"]
[Result "1/2-1/2"]
[WhiteElo "1543"]
[BlackElo "1805"]
[Annotator "NA"]
[PlyCount "63"]
[EventDate "2020.08.07"]
[EventType "swiss (blitz)"]

1. d4 {[%emt 0:00:01]} c5 {[%emt 0:00:01]} 2. e3 {[%emt 0:00:00]} cxd4 {[%emt 0:00:00]} 3. exd4 {[%emt 0:00:01]} Nf6 {[%emt 0:00:00]} 4. c4 {[%emt 0:00:00]} e6 {[%emt 0:00:01]} 5. Be3 {[%emt 0:00:01]} d5 {[%emt 0:00:01]} 6. Nc3 {[%emt 0:00:01]} Bb4 {[%emt 0:00:01]} 7. Nf3 {[%emt 0:00:01]} dxc4 {[%emt 0:00:01]} 8. Bxc4 {[%emt 0:00:02]} O-O {[%emt 0:00:01]} 9. Qc2 {[%emt 0:00:01]} Nc6 {[%emt 0:00:01]} 10. Bd3 {[%emt 0:00:02]} h6 {[%emt 0:00:02]} 11. h4 {[%emt 0:00:01]} Nd5 {[%emt 0:00:01]} 12. Ng5 {[%emt 0:00:01]} Nxe3 {[%emt 0:00:02]} 13. fxe3 {[%emt 0:00:01]} Nxd4 {[%emt 0:00:05]} 14. Bh7+ {[%emt 0:00:03]} Kh8 {[%emt 0:00:01]} 15. exd4 {[%emt 0:00:01]} Qxd4 {[%emt 0:00:01]} 16. Rd1 {[%emt 0:00:01]} Qe5+ {[%emt 0:00:02]} 17. Kf1 {[%emt 0:00:01]} b6 {[%emt 0:00:01]} 18. Rd8 {[%emt 0:00:08]} Ba6+ {[%emt 0:00:07]} 19. Kg1 {[%emt 0:00:04]} Raxd8 {[%emt 0:00:02]} 20. Bg8 {[%emt 0:00:06]} g6 {[%emt 0:00:07]} 21. Bxf7 {[%emt 0:00:02]} Qe1+ {[%emt 0:00:02]} 22. Kh2 {[%emt 0:00:01]} Qxh4+ {[%emt 0:00:02]} 23. Nh3 {[%emt 0:00:04]} Rxf7 {[%emt 0:00:01]} 24. Qxg6 {[%emt 0:00:03]} Bd6+ {[%emt 0:00:04]} 25. Kg1 {[%emt 0:00:01]} Rdf8 {[%emt 0:00:02]} 26. Nf2 {[%emt 0:00:03]} Qxh1+ {[%emt 0:00:05]} 27. Kxh1 {[%emt 0:00:02]} Rxf2 {[%emt 0:00:00]} 28. Qxh6+ {[%emt 0:00:01]} Kg8 {[%emt 0:00:00]} 29. Qg6+ {[%emt 0:00:01]} Kh8 {[%emt 0:00:01]} 30. Qh6+ {[%emt 0:00:01]} Kg8 {[%emt 0:00:00]} 31. Qg6+ {[%emt 0:00:01]} Kh8 {[%emt 0:00:00]} 32. Qh6+ {[%emt 0:00:01] (Lag: Av=0.38s, max=1.0s) (Lag: Av=0.38s, max=1.0s) (Lag: Av=0.38s, max=1.0s) (Lag: Av=0.38s, max=1.0s) (Lag: Av=0.38s, max=1.0s)} 1/2-1/2

[Event "Stay Safe Play From Home 365"]
[Site "Emanuel Lasker Arena"]
[Date "2020.08.07"]
[Round "7"]
[White "Klasman"]
[Black "Ao017545"]
[Result "0-1"]
[WhiteElo "1410"]
[BlackElo "1711"]
[Annotator "NA"]
[PlyCount "48"]
[EventDate "2020.08.07"]
[EventType "swiss (blitz)"]

1. f4 {[%emt 0:00:02]} e5 {[%emt 0:00:00]} 2. fxe5 {[%emt 0:00:01]} d6 {[%emt 0:00:02]} 3. Nf3 {[%emt 0:00:01]} dxe5 {[%emt 0:00:01]} 4. e4 {[%emt 0:00:01]} Nc6 {[%emt 0:00:03]} 5. Bb5 {[%emt 0:00:01]} Bc5 {[%emt 0:00:00]} 6. b4 {[%emt 0:00:07]} Bxb4 {[%emt 0:00:03]} 7. O-O {[%emt 0:00:01]} Bc5+ {[%emt 0:00:01]} 8. Kh1 {[%emt 0:00:02]} Bg4 {[%emt 0:00:01]} 9. c3 {[%emt 0:00:06]} a6 {[%emt 0:00:02]} 10. Bxc6+ {[%emt 0:00:05]} bxc6 {[%emt 0:00:00]} 11. Qb3 {[%emt 0:00:03]} Qd3 {[%emt 0:00:03]} 12. Qxf7+ {[%emt 0:00:07]} Kxf7 {[%emt 0:00:06]} 13. Nxe5+ {[%emt 0:00:01]} Ke6 {[%emt 0:00:03]} 14. Nxd3 {[%emt 0:00:02]} Bd6 {[%emt 0:00:05]} 15. e5 {[%emt 0:00:03]} Be2 {[%emt 0:00:01]} 16. Nf4+ {[%emt 0:00:04]} Kxe5 {[%emt 0:00:03]} 17. Nxe2 {[%emt 0:00:01]} Nf6 {[%emt 0:00:02]} 18. d4+ {[%emt 0:00:01]} Ke6 {[%emt 0:00:01]} 19. Nd2 {[%emt 0:00:02]} Ne4 {[%emt 0:00:00]} 20. Nxe4 {[%emt 0:00:05]} Kd5 {[%emt 0:00:00]} 21. Nxd6 {[%emt 0:00:01]} Kxd6 {[%emt 0:00:00]} 22. c4 {[%emt 0:00:01]} Kd7 {[%emt 0:00:00]} 23. Bf4 {[%emt 0:00:01]} Rhf8 {[%emt 0:00:00]} 24. Nc3 {[%emt 0:00:01]} Rxf4 {[%emt 0:00:01] Time Time Time Time Time (Lag: Av=0.78s, max=1.2s) (Lag: Av=0.78s, max=1.2s) (Lag: Av=0.78s, max=1.2s) (Lag: Av=0.78s, max=1.2s) (Lag: Av=0.78s, max=1.2s)} 0-1

[Event "Stay Safe Play From Home 365"]
[Site "Emanuel Lasker Arena"]
[Date "2020.08.07"]
[Round "8"]
[White "NTBT_DHS"]
[Black "Hickey"]
[Result "1-0"]
[WhiteElo "2584"]
[BlackElo "2117"]
[PlyCount "149"]
[EventDate "2020.08.07"]
[EventType "swiss (blitz)"]

1. e4 {[%emt 0:00:01]} c6 {[%emt 0:00:01]} 2. Nf3 {[%emt 0:00:00]} d5 {[%emt 0:00:00]} 3. exd5 {[%emt 0:00:01]} cxd5 {[%emt 0:00:01]} 4. d4 {[%emt 0:00:00]} Nf6 {[%emt 0:00:00]} 5. c4 {[%emt 0:00:00]} g6 {[%emt 0:00:00]} 6. cxd5 {[%emt 0:00:01]} Nxd5 {[%emt 0:00:01]} 7. Qa4+ {[%emt 0:00:01]} Bd7 {[%emt 0:00:02]} 8. Qb3 {[%emt 0:00:01]} Bc6 {[%emt 0:00:00]} 9. Bc4 {[%emt 0:00:01]} e6 {[%emt 0:00:04]} 10. Bg5 {[%emt 0:00:02]} Be7 {[%emt 0:00:01]} 11. Bxe7 {[%emt 0:00:01]} Qxe7 {[%emt 0:00:00]} 12. Nc3 {[%emt 0:00:02]} Nxc3 {[%emt 0:00:02]} 13. Qxc3 {[%emt 0:00:01]} O-O {[%emt 0:00:00]} 14. O-O {[%emt 0:00:01]} Nd7 {[%emt 0:00:00]} 15. Rfe1 {[%emt 0:00:02]} Bxf3 {[%emt 0:00:01]} 16. Qxf3 {[%emt 0:00:01]} Nb6 {[%emt 0:00:01]} 17. Bb3 {[%emt 0:00:00]} Rad8 {[%emt 0:00:00]} 18. d5 {[%emt 0:00:02]} Rd6 {[%emt 0:00:13]} 19. dxe6 {[%emt 0:00:01]} fxe6 {[%emt 0:00:00]} 20. Qg4 {[%emt 0:00:00]} Qf6 {[%emt 0:00:01]} 21. Re2 {[%emt 0:00:04]} Nd5 {[%emt 0:00:03]} 22. Rae1 {[%emt 0:00:01]} Kg7 {[%emt 0:00:02]} 23. g3 {[%emt 0:00:03]} h5 {[%emt 0:00:01]} 24. Qe4 {[%emt 0:00:03]} b6 {[%emt 0:00:01]} 25. Qe5 {[%emt 0:00:00]} Qxe5 {[%emt 0:00:01]} 26. Rxe5 {[%emt 0:00:00]} Rf6 {[%emt 0:00:00]} 27. f4 {[%emt 0:00:01]} Nc7 {[%emt 0:00:01]} 28. Rc1 {[%emt 0:00:01]} Nd5 {[%emt 0:00:01]} 29. Rc8 {[%emt 0:00:01]} Kf7 {[%emt 0:00:01]} 30. Ra8 {[%emt 0:00:01]} Rd7 {[%emt 0:00:01]} 31. Kg2 {[%emt 0:00:02]} Rf5 {[%emt 0:00:01]} 32. Bxd5 {[%emt 0:00:03]} exd5 {[%emt 0:00:02]} 33. Rxf5+ {[%emt 0:00:01]} gxf5 {[%emt 0:00:00]} 34. Kf2 {[%emt 0:00:01]} Rc7 {[%emt 0:00:01]} 35. Ke3 {[%emt 0:00:01]} Rc2 {[%emt 0:00:00]} 36. Rxa7+ {[%emt 0:00:00]} Ke6 {[%emt 0:00:00]} 37. b4 {[%emt 0:00:03]} Rxh2 {[%emt 0:00:00]} 38. Ra6 {[%emt 0:00:00]} Rh3 {[%emt 0:00:01]} 39. Rxb6+ {[%emt 0:00:01]} Kd7 {[%emt 0:00:00]} 40. Kf2 {[%emt 0:00:00]} Rh2+ {[%emt 0:00:01]} 41. Kf3 {[%emt 0:00:00]} Rxa2 {[%emt 0:00:00]} 42. Rf6 {[%emt 0:00:00]} Ra3+ {[%emt 0:00:00]} 43. Kg2 {[%emt 0:00:01]} Rb3 {[%emt 0:00:00]} 44. Rxf5 {[%emt 0:00:00]} Ke6 {[%emt 0:00:00]} 45. Rxh5 {[%emt 0:00:01]} Rxb4 {[%emt 0:00:00]} 46. Rh6+ {[%emt 0:00:00]} Kf5 {[%emt 0:00:01]} 47. Rh5+ {[%emt 0:00:00]} Ke4 {[%emt 0:00:00]} 48. Re5+ {[%emt 0:00:00]} Kd3 {[%emt 0:00:01]} 49. Rxd5+ {[%emt 0:00:01]} Ke4 {[%emt 0:00:00]} 50. Re5+ {[%emt 0:00:00]} Kd3 {[%emt 0:00:00]} 51. Kf3 {[%emt 0:00:00]} Rb2 {[%emt 0:00:00]} 52. g4 {[%emt 0:00:01]} Kd4 {[%emt 0:00:00]} 53. Re4+ {[%emt 0:00:01]} Kd5 {[%emt 0:00:01]} 54. g5 {[%emt 0:00:01]} Rb3+ {[%emt 0:00:00]} 55. Re3 {[%emt 0:00:00]} Rxe3+ {[%emt 0:00:00]} 56. Kxe3 {[%emt 0:00:00]} Ke6 {[%emt 0:00:00]} 57. Ke4 {[%emt 0:00:00]} Kf7 {[%emt 0:00:00]} 58. f5 {[%emt 0:00:00]} Kg7 {[%emt 0:00:00]} 59. Ke5 {[%emt 0:00:01]} Kf7 {[%emt 0:00:00]} 60. Kd6 {[%emt 0:00:00]} Kg7 {[%emt 0:00:01]} 61. Ke7 {[%emt 0:00:00]} Kg8 {[%emt 0:00:01]} 62. f6 {[%emt 0:00:01]} Kh8 {[%emt 0:00:00]} 63. Kf7 {[%emt 0:00:01]} Kh7 {[%emt 0:00:01]} 64. g6+ {[%emt 0:00:01]} Kh6 {[%emt 0:00:00]} 65. g7 {[%emt 0:00:00]} Kg5 {[%emt 0:00:00]} 66. g8=Q+ {[%emt 0:00:00]} Kf5 {[%emt 0:00:00]} 67. Qg3 {[%emt 0:00:00]} Ke4 {[%emt 0:00:00]} 68. Ke6 {[%emt 0:00:00]} Kd4 {[%emt 0:00:01]} 69. f7 {[%emt 0:00:00]} Kc4 {[%emt 0:00:00]} 70. Qe3 {[%emt 0:00:01]} Kb4 {[%emt 0:00:00]} 71. Kd5 {[%emt 0:00:00]} Ka4 {[%emt 0:00:01]} 72. Qb6 {[%emt 0:00:01]} Ka3 {[%emt 0:00:01]} 73. Kc4 {[%emt 0:00:00]} Ka2 {[%emt 0:00:00]} 74. Kc3 {[%emt 0:00:00]} Ka1 {[%emt 0:00:00]} 75. Qb2# {[%emt 0:00:00] (Lag: Av=0.88s, max=1.4s) (Lag: Av=0.88s, max=1.4s) (Lag: Av=0.88s, max=1.4s) (Lag: Av=0.88s, max=1.4s) (Lag: Av=0.88s, max=1.4s)} 1-0

[Event "Stay Safe Play From Home 365"]
[Site "Emanuel Lasker Arena"]
[Date "2020.08.07"]
[Round "8"]
[White "AChessPlayer"]
[Black "Lazieri3"]
[Result "1-0"]
[WhiteElo "2466"]
[BlackElo "2074"]
[PlyCount "91"]
[EventDate "2020.08.07"]
[EventType "swiss (blitz)"]

1. Nf3 {[%emt 0:00:01]} c6 {[%emt 0:00:00]} 2. g3 {[%emt 0:00:00]} d5 {[%emt 0:00:00]} 3. Bg2 {[%emt 0:00:00]} Nf6 {[%emt 0:00:01]} 4. O-O {[%emt 0:00:00]} Bf5 {[%emt 0:00:00]} 5. d3 {[%emt 0:00:00]} Qc8 {[%emt 0:00:01]} 6. Re1 {[%emt 0:00:01]} Bh3 {[%emt 0:00:01]} 7. Bxh3 {[%emt 0:00:01]} Qxh3 {[%emt 0:00:02]} 8. e4 {[%emt 0:00:00]} dxe4 {[%emt 0:00:01]} 9. dxe4 {[%emt 0:00:01]} Qd7 {[%emt 0:00:00]} 10. Nc3 {[%emt 0:00:02]} Qxd1 {[%emt 0:00:01]} 11. Rxd1 {[%emt 0:00:00]} Nbd7 {[%emt 0:00:01]} 12. e5 {[%emt 0:00:03]} Ng4 {[%emt 0:00:01]} 13. Bf4 {[%emt 0:00:01]} h5 {[%emt 0:00:03]} 14. h3 {[%emt 0:00:01]} Nh6 {[%emt 0:00:01]} 15. Kg2 {[%emt 0:00:00]} e6 {[%emt 0:00:01]} 16. Ne4 {[%emt 0:00:01]} O-O-O {[%emt 0:00:02]} 17. c4 {[%emt 0:00:03]} Nf5 {[%emt 0:00:01]} 18. Neg5 {[%emt 0:00:01]} Nh6 {[%emt 0:00:02]} 19. a3 {[%emt 0:00:03]} Bc5 {[%emt 0:00:02]} 20. b4 {[%emt 0:00:01]} Bb6 {[%emt 0:00:00]} 21. c5 {[%emt 0:00:00]} Bc7 {[%emt 0:00:00]} 22. Ne4 {[%emt 0:00:00]} f6 {[%emt 0:00:05]} 23. Nd6+ {[%emt 0:00:02]} Bxd6 {[%emt 0:00:01]} 24. Rxd6 {[%emt 0:00:01]} fxe5 {[%emt 0:00:01]} 25. Nxe5 {[%emt 0:00:01]} Nxe5 {[%emt 0:00:01]} 26. Bxe5 {[%emt 0:00:00]} Rxd6 {[%emt 0:00:01]} 27. Bxd6 {[%emt 0:00:00]} Nf5 {[%emt 0:00:01]} 28. Be5 {[%emt 0:00:01]} Rg8 {[%emt 0:00:01]} 29. Rd1 {[%emt 0:00:01]} g6 {[%emt 0:00:01]} 30. g4 {[%emt 0:00:01]} hxg4 {[%emt 0:00:01]} 31. hxg4 {[%emt 0:00:00]} Ne7 {[%emt 0:00:02]} 32. Kg3 {[%emt 0:00:01]} Nd5 {[%emt 0:00:01]} 33. Rh1 {[%emt 0:00:00]} b6 {[%emt 0:00:04]} 34. f4 {[%emt 0:00:03]} bxc5 {[%emt 0:00:01]} 35. bxc5 {[%emt 0:00:00]} a5 {[%emt 0:00:02]} 36. Rh7 {[%emt 0:00:00]} Rd8 {[%emt 0:00:01]} 37. Ra7 {[%emt 0:00:01]} Rd7 {[%emt 0:00:02]} 38. Ra8+ {[%emt 0:00:03]} Kb7 {[%emt 0:00:01]} 39. Rxa5 {[%emt 0:00:00]} Ne3 {[%emt 0:00:02]} 40. Ra4 {[%emt 0:00:01]} Rd3 {[%emt 0:00:01]} 41. Rb4+ {[%emt 0:00:00]} Kc8 {[%emt 0:00:01]} 42. Kh4 {[%emt 0:00:00]} Ng2+ {[%emt 0:00:03]} 43. Kg5 {[%emt 0:00:01]} Ne3 {[%emt 0:00:01]} 44. Rb8+ {[%emt 0:00:02]} Kd7 {[%emt 0:00:01]} 45. a4 {[%emt 0:00:00]} Ke7 {[%emt 0:00:00]} 46. Rb7+ {[%emt 0:00:01] Time Time Time Time Time (Lag: Av=0.78s, max=1.8s) (Lag: Av=0.78s, max=1.8s) (Lag: Av=0.78s, max=1.8s) (Lag: Av=0.78s, max=1.8s) (Lag: Av=0.78s, max=1.8s)} 1-0